On This Day: July 9th II Quiz Stats

 Plays Quiz Updated Jul 9, 2018

Score 0/7 Timer 03:00
0 Plays Today
Question Answer Wrong Answers
This nation gains independence when it secedes from Sudan.
2011
South Sudan
82.5%
Eritrea
6.2%
Central African Republic
6.6%
New Sudan
3.7%
The Herzegovina Uprising against ______ rule begins, leading to far-reaching implications throughout the Balkans.
1875
Ottoman
79.7%
British
9.7%
French
4.1%
Greek
6.1%
This American musician, the lead singer and guitarist of the The White Stripes, is born.
1975
Jack White
75.1%
Peter White
9.5%
James White
8.2%
Mark White
6.4%
The Allies begin their invasion of this Mediterranean island, marking the start of Italian Campaign of World War II.
1943
Sicily
67.7%
Crete
11.9%
Corsica
17.4%
Mallorca
2.3%
The ‘Commonwealth of ______ Constitution Act (UK)’ is given Royal Assent by Queen Victoria.
1900
Australia
62.3%
Egypt
3.8%
India
30.5%
Palestine
2.8%
The Siege of Port Hudson ends, giving the Union complete control of this important river.
1863
Mississippi River
39.7%
Rio Grande
3.5%
Ohio River
13.8%
Hudson River
42.8%
This country, today the world’s largest Spanish-speaking nation by area, declares independence from Spain.
1816
Argentina
33.6%
Mexico
53%
Brazil
12.4%
Chile
0.9%

You're not logged in!

Compare scores with friends on all Sporcle quizzes.
OR
Log In

Sporcle TV

Today on Sporcle TV


Watch our educational content, quiz creation guides, and fun videos on Sporcle TV.

Show Comments

Extras

Top Quizzes Today


Score Distribution

Your Account Isn't Verified!

In order to create a playlist on Sporcle, you need to verify the email address you used during registration. Go to your Sporcle Settings to finish the process.

Report this User

Report this user for behavior that violates our Community Guidelines.

Details: